Illustrated English social history: The nineteenth century (Record no. 192920)

MARC details
000 -LEADER
fixed length control field 00383nam a2200145Ia 4500
008 - FIXED-LENGTH DATA ELEMENTS--GENERAL INFORMATION
fixed length control field 230917s9999||||xx |||||||||||||| ||und||
040 ## - CATALOGING SOURCE
-- 4047
Original cataloging agency VIVEKANANDA LIBRARY
041 ## - Language
-- English
082 ## - DDC NUMBER
Classification number 309.10942 T728I
100 ## - MAIN ENTRY--PERSONAL NAME
Personal name Trevelyan, G M
245 #0 - TITLE STATEMENT
Title Illustrated English social history: The nineteenth century
260 ## - PUBLICATION, DISTRIBUTION, ETC. (IMPRINT)
Place of publication, distribution, etc London
Name of publisher, distributor, etc Longman
Date of publication, distribution, etc 1964
300 ## - PHYSICAL DESCRIPTION
Pages xi, 186 p.
942 ## - ADDED ENTRY ELEMENTS (KOHA)
Koha item type Books
Holdings
Withdrawn status Lost status Damaged status Not for loan Location (home branch) Sublocation or collection (holding branch) Date acquired Koha issues (times borrowed) Koha full call number Accession No. Koha date last seen Koha item type
        VIVEKANANDA LIBRARY VIVEKANANDA LIBRARY 08/08/2002   309.10942 T728I 5044 17/09/2023 Books
© Designed and Maintained by Vivekananda Library, MDU Rohtak